• 首页
  • 本馆介绍
  • 公告通知
  • 最新文献
  • 馆藏检索
  • 电子资源
  • 读者导购
  • 参考咨询
  • 我的图书馆
  • 登录
  • 详细信息显示
  • 放入我的书架
  • 预约/预借图书
  • 作者相关作品
  • 分类相关作品
  • 丛书相关作品
  • 出版社相关作品

书目信息

  • 表格格式
  • 工作单格式
  • 卡片格式
题名:
沙盘辅导实操指南
    
 
作者: 祝孟洋 著
分册:  
出版信息: 青岛   中国海洋大学出版社  2019.09
页数: 141页
开本: 24cm
丛书名:
单 册:
中图分类: R395.6-62
科图分类:
主题词: 心理辅导--xin li fu dao--指南
电子资源:
ISBN: 978-7-5670-2425-0
000 01039nam0 2200277 450
001 CAL 0120192908797
005 20230217093111.0
010    @a978-7-5670-2425-0@dCNY46.00
100    @a20200615d2019 em y0chiy0120 ea
101 0  @achi
102    @aCN@b370000
105    @aa a 000yy
106    @ar
200 1  @a沙盘辅导实操指南@Asha pan fu dao shi cao zhi nan@f祝孟洋著
210    @a青岛@c中国海洋大学出版社@d2019.09
215    @a141页@c图@d24cm
312    @a英文题名取自封面
314    @a祝孟洋, 二级心理咨询师, 沙盘培训导师, 家族系统排列师等职。
320    @a有书目 (第138页)
330    @a本书共分17章, 内容包括: 沙盘的简史及发展 ; 沙盘辅导技术的应用与价值 ; 沙盘辅导技术的理论基础 ; 个体沙盘辅导技术的过程 ; 沙盘辅导技术的五层境界 ; 个体沙盘辅导的引导语 ; 沙盘辅导的拍照与记录等。
510 1  @aSand table guidelines for practice@zeng
606 0  @a心理辅导@Axin li fu dao@j指南
690    @aR395.6-62@v5
701  0 @a祝孟洋@Azhu meng yang@4著
801  0 @aCN@bBJXHZP@c20230228
905    @b1395872-5@dR395.6-62@e387@f4
    
    沙盘辅导实操指南/祝孟洋著.-青岛:中国海洋大学出版社,2019.09
    141页:图;24cm
    
    
    ISBN 978-7-5670-2425-0:CNY46.00
    本书共分17章, 内容包括: 沙盘的简史及发展 ; 沙盘辅导技术的应用与价值 ; 沙盘辅导技术的理论基础 ; 个体沙盘辅导技术的过程 ; 沙盘辅导技术的五层境界 ; 个体沙盘辅导的引导语 ; 沙盘辅导的拍照与记录等。
●
相关链接 在E读中查询图书 在五车中查询图书 在当当中查询图书 在豆瓣中查询图书


正题名:沙盘辅导实操指南     索取号:R395.6-62/387         预约/预借

序号 登录号 条形码 馆藏地/架位号 状态 备注
1 1395872   213958724   第二样本阅览室/ [索取号:R395.6-62/387] 在馆    
2 1395873   213958733   第三借阅区/ [索取号:R395.6-62/387] 在馆    
3 1395874   213958742   第三借阅区/ [索取号:R395.6-62/387] 在馆    
4 1395875   213958751   第三借阅区/ [索取号:R395.6-62/387] 在馆    
唐山师范学院图书馆 欢迎您!
大连网信软件有限公司© 版权所有